Ο εχινόκοκκος : βαρειά αρρώστεια ανθρώπου κ ζώων
Saved in:
| Corporate Author: | |
|---|---|
| Other Authors: | |
| Format: | Book |
| Language: | Greek |
| Published: |
Αθήναι :
Τύποις Δ. Πετσάλη - Γ. Βαλλιανάτου,
1952.
|
| Subjects: | |
| Tags: |
Add Tag
No Tags, Be the first to tag this record!
|
MARC
| LEADER | 00000cam a2200000 a 4500 | ||
|---|---|---|---|
| 001 | 1/108975 | ||
| 008 | 150929s1952####gr | ||| |||| ||gre|| | ||
| 040 | |a GR-MyUa |b gre |c GR-MyUa |e AACR2 | ||
| 041 | 0 | |a gre | |
| 082 | 7 | |a 616.964 |2 (23) | |
| 245 | 1 | 1 | |a Ο εχινόκοκκος : |b βαρειά αρρώστεια ανθρώπου κ ζώων / |c επιμέλεια Αχ. Πανέτσου. |
| 260 | |a Αθήναι : |b Τύποις Δ. Πετσάλη - Γ. Βαλλιανάτου, |c 1952. | ||
| 300 | |a 16 σ. : |b εικ. ; |c 24 εκ. | ||
| 500 | |a Εκδίδεται μερίμνη Διευθύνσεως Κτηνιατρικής Υπ. Γεωργίας δαπάναις Αμερικανικής βοήθειας και επιμελεία Κτηνιάτρου Πανέτσου Αχ. Στο εξώφυλλο αναγράφεται ιδιοχείρως "Μεσ. Καρλοβασίου 22". | ||
| 650 | 0 | |a Echinococcus. | |
| 700 | 1 | |a Πανέτσος, Αχιλλεύς Γ. | |
| 710 | 1 | |a Ελλάς. |b Υπουργείο Γεωργίας. |b Διεύθυνση Κτηνιατρικής. | |
| 852 | |a INST |b SAMOS |c PORFYRIADA |e 20150929 |h 616.964 ΕΧΙ |p 005300042859 |q 005300042859 |t NOLOAN |y 23 | ||
| 970 | |a Κοσιέρης |b Χρήστος |z 29/09/2015 | ||